书目信息 |
| 题名: |
C语言程序设计
|
|
| 作者: | 马建生 , 谭征 , 李玲 编著 | |
| 分册: | ||
| 出版信息: | 北京 中国电力出版社 2007.08 |
|
| 页数: | 208页 | |
| 开本: | 26cm | |
| 丛书名: | ||
| 单 册: | ||
| 中图分类: | TP312C | |
| 科图分类: | ||
| 主题词: | C语言--C yu yan--程序设计--高等学校--教材 | |
| 电子资源: | ||
| ISBN: | 978-7-5083-5683-9 | |
| 000 | 01000nam0 2200277 450 | |
| 001 | 012008439067 | |
| 005 | 20080606091438.75 | |
| 010 | @a978-7-5083-5683-9@dCNY21.00 | |
| 100 | @a20080605d2007 em y0chiy0120 ea | |
| 101 | 0 | @achi |
| 102 | @aCN@b110000 | |
| 105 | @ay a 000yy | |
| 106 | @ar | |
| 200 | 1 | @aC语言程序设计@AC yu yan cheng xu she ji@f马建生, 谭征, 李玲编著@Fma jian sheng,tan zheng,li ling bian zhu |
| 210 | @a北京@c中国电力出版社@d2007.08 | |
| 215 | @a208页@d26cm | |
| 300 | @a21世纪高等学校规划教材 | |
| 320 | @a有书目 (第208页) | |
| 330 | @a全书共分12章,详细介绍了C语言的基础知识和基本语法规则;C语言的基本输入输出函数及顺序、选择、循环三种程序设计结构;函数的定义、调用以及全局变量与局部变量的使用等。 | |
| 606 | 0 | @aC语言@AC yu yan@x程序设计@x高等学校@j教材 |
| 690 | @aTP312C@v4 | |
| 701 | 0 | @a马建生@Ama jian sheng@4编著 |
| 701 | 0 | @a谭征@Atan zheng@4编著 |
| 701 | 0 | @a李玲@Ali ling@4编著 |
| 801 | 0 | @aCN@bQSSK@c20080606 |
| 905 | @b724897-98@dTP312C@eM077@f2 | |
| C语言程序设计/马建生, 谭征, 李玲编著.-北京:中国电力出版社,2007.08 |
| 208页;26cm |
| 21世纪高等学校规划教材 |
| ISBN 978-7-5083-5683-9:CNY21.00 |
| 全书共分12章,详细介绍了C语言的基础知识和基本语法规则;C语言的基本输入输出函数及顺序、选择、循环三种程序设计结构;函数的定义、调用以及全局变量与局部变量的使用等。 |
| ● |
| 相关链接 |
|
|
|
正题名:C语言程序设计
索取号:TP312C/M077
 
预约/预借
| 序号 | 登录号 | 条形码 | 馆藏地/架位号 | 状态 | 备注 |
| 1 | 724897 | 207248977 | 自科库301/301自科库 54排4列4层/ [索取号:TP312C/M077] | 在馆 | |
| 2 | 724898 | 207248986 | 自科库301/301自科库 54排4列4层/ [索取号:TP312C/M077] | 在馆 |